Music Quiz

Random Music or Lyrics Quiz

'Africa' Lyrics Quiz Stats

 Plays Quiz Updated Sep 4, 2012

Challenge
Share
Tweet
Embed
Score 0/162 Timer 09:00
3 Plays Today
% Correct
[Chorus]
99.9%
[Chorus]
99.6%
I
97.1%
I
97%
I
97%
I
97%
I
97%
I
97%
a
96.4%
a
96.4%
Africa.
94.6%
the
93.9%
The
93.9%
the
93.9%
the
93.9%
The
93.9%
the
93.9%
the
93.9%
the
93.9%
the
93.9%
in
92.2%
in
92.2%
in
92.2%
do
90.1%
do
90.1%
do.
90.1%
down
86.7%
to
81.2%
to
81.1%
to
81.1%
to
81.1%
to
81.1%
to
81.1%
you.'
80.1%
you.
80.1%
you.
79.8%
rains
79.1%
me
77.4%
me
77.4%
me
77.4%
He
71.9%
we
71.5%
there
71.1%
there
70.8%
take
69.4%
take
69.4%
from
69.3%
ever
69%
that
68.8%
that
68.8%
that
68.8%
that
68.8%
could
68.5%
for
67.4%
% Correct
for
67.4%
thing
67.2%
for
67.1%
never
67%
or
66.5%
or
66.5%
more
65.2%
gonna
65.2%
Gonna
65.2%
things
65.2%
away
65%
hear
63.8%
men
63.6%
some
63.5%
some
63.5%
some
63.5%
some
63.5%
hundred
63.1%
It's
63%
It's
63%
an
61.9%
nothing
61.4%
time
61%
she
60.4%
bless
59.4%
of
58.2%
of
58.2%
had.
57%
night.
56.5%
There's
56.5%
lot
55.8%
waiting
54.7%
as
54.5%
As
54.5%
as
54.5%
waiting
54.4%
boy
52.6%
boy
52.4%
She's
49.7%
She's
49.5%
'Hurry
49.4%
Hurry
49.3%
if
48.8%
drums
48.1%
echoing
46.5%
tonight,
46.4%
say,
46.3%
out
43.1%
drag
42.2%
they
41.3%
Serengeti.
40.3%
like
40.3%
man
39.9%
know
39.6%
% Correct
way
39.4%
this
39.1%
I've
39.1%
quiet
38.8%
rises
38.5%
Kilimanjaro
38.4%
conversation.
38.2%
coming
38%
above
37.9%
flight.
37.5%
whispers
37.1%
right.
36.6%
cry
36.6%
what's
36.2%
what's
36.2%
thirty
35.9%
old
35.9%
old
35.9%
wild
35.7%
twelve
35.4%
only
35.4%
Sure
35.3%
dogs
35%
become.
34.3%
must
34.2%
ancient
33.4%
but
33.1%
along
32.5%
find
31.7%
inside,
31.4%
forgotten
31.4%
deep
31.2%
company.
31.2%
turned
31.1%
salvation.
30.8%
words
30.5%
frightened
30.5%
solitary
29.1%
melodies.
29%
hoping
28.2%
hears
27.8%
stopped
26.9%
toward
25.7%
stars
25%
restless
24.9%
guide
24.7%
Olympus
24.5%
longing
24.4%
grow
24%
reflect
22.8%
moonlit
21.3%
cure
21%
seek
20.5%
wings
20.4%

You're not logged in!

Compare scores with friends on all Sporcle quizzes.
OR
Log In

You Might Also Like...

Show Comments

Extras

Top Quizzes Today


Score Distribution

Your Account Isn't Verified!

In order to create a playlist on Sporcle, you need to verify the email address you used during registration. Go to your Sporcle Settings to finish the process.

Report this User

Report this user for behavior that violates our Community Guidelines.

Details: